טוען...
Managerial budgeting for profit improvement /
| מחבר ראשי: | |
|---|---|
| פורמט: | Printed Book |
| שפה: | English |
| LEADER | 00420nam a2200121Ia 4500 | ||
|---|---|---|---|
| 008 | 150624b xxu||||| |||| 00| 0 eng d | ||
| 082 | |a 658.154 | ||
| 100 | |a Bunge, Walter R. | ||
| 245 | |a Managerial budgeting for profit improvement / |c Walter R. Bunge | ||
| 300 | |a 1968 | ||
| 942 | |c BK | ||
| 999 | |c 6379 |d 6379 | ||
| 952 | |0 0 |1 0 |4 0 |6 658_154000000000000_BUN_M |7 0 |9 6378 |a UL |b UL |c SEC |d 1998-09-01 |l 0 |o 658.154 BUN/M |p 10439 |r 2012-10-27 |w 2012-10-27 |y BK | ||